La revolución francesa /

Guardado en:
Autor Principal: Guido Mondolfo, Ugo.
Formato: Libro
Idioma:Undetermined
Publicado: Buenos Aires : Ediciones Iman, 1942.
Materias:
Etiquetas: Agregar Etiqueta
Sin Etiquetas, Sea el primero en etiquetar este registro!
LEADER 00513nam a22001575a 4500
001 EHU.bham046913
005 20110601140332.0
008 110601s1942####ag############000#0#und#d
100 1 |a Guido Mondolfo, Ugo. 
245 0 0 |a La revolución francesa /  |c Ugo Guido Mondolfo. 
260 |a Buenos Aires :  |b Ediciones Iman,  |c 1942. 
300 |a 139 p. 
653 |a Revolución francesa 
653 |a Historia Contemporánea 
653 |a Declaración Derechos 
859 |a AR-BHAM  |b BIB. HUMANIDADES - Donacion Lejarraga  |h MFN001132  |p 001132.19